Wszystkie piosenki - Szpaku - Statystyki

Ogólne statystyki
  • Ten quiz został rozwiązany 1 765 razy
    632 od ostatniego zresetowania
  • Średni wynik to 51 z 99
Statystyki odpowiedzi
Hint Odpowiedź % Poprawnych
Atypowy Hinata
86%
Różowa Pantera Różowa Pantera
85%
Dom Dla Zmyślonych Przyjaciół Pana Mateusza Mateusz
83%
CERBER EP Plaster
82%
Atypowy Alicja
81%
Dzieci Duchy (z Kubi Producent) Dzieci Duchy
80%
UZUMAKI FORMA OSTATECZNA (z Kubi Producent) UZUMAKI FORMA OSTATECZNA
79%
Atypowy UFO
78%
Atypowy W krainie czarów
75%
BORuto (z 2K) MINIMINI
73%
BORuto (z 2K) Boruto (feat. Paluch)
72%
Atypowy Ja YETI
72%
Atypowy Oddajemy krew wampirom (feat. Włodi)
72%
BORuto (z 2K) Bajka
71%
Dom Dla Zmyślonych Przyjaciół Pana Mateusza Dom
71%
CERBER EP Garfield
70%
Dom Dla Zmyślonych Przyjaciół Pana Mateusza Krokodyl Dundee
69%
Atypowy Szlam (feat. Paluch)
69%
CERBER EP Anioł Stróż
66%
Atypowy Lavender Town (feat. Białas)
66%
Atypowy Zombie
66%
Atypowy Nieważne
64%
Dom Dla Zmyślonych Przyjaciół Pana Mateusza Minimini2
63%
Dom Dla Zmyślonych Przyjaciół Pana Mateusza Człowiek motyl
62%
Dom Dla Zmyślonych Przyjaciół Pana Mateusza Jeździec bez głowy
62%
Dzieci Duchy (z Kubi Producent) Kochaj Mnie
62%
CERBER EP Animal Planet
61%
UZUMAKI FORMA OSTATECZNA (z Kubi Producent) CRAZY FROG (feat. Waima)
61%
Młody Simba Mixtape Młody Simba
61%
Stare Numery Młody Simba
61%
Dom Dla Zmyślonych Przyjaciół Pana Mateusza Afryka
60%
UZUMAKI FORMA OSTATECZNA (z Kubi Producent) KRAINA LODU
59%
Atypowy Mojo Jojo
59%
UZUMAKI FORMA OSTATECZNA (z Kubi Producent) NIETOPERZE
59%
UZUMAKI FORMA OSTATECZNA (z Kubi Producent) TOTORO
59%
Dzieci Duchy (z Kubi Producent) Ćmy
58%
UZUMAKI FORMA OSTATECZNA (z Kubi Producent) NA ZAWSZE (feat. Chivas)
58%
Dom Dla Zmyślonych Przyjaciół Pana Mateusza R.I.P. Krawczyk
58%
Dom Dla Zmyślonych Przyjaciół Pana Mateusza Mr. Mime
57%
Dzieci Duchy (z Kubi Producent) Noc Polarna
57%
Dom Dla Zmyślonych Przyjaciół Pana Mateusza Alf
54%
Różowa Pantera Wino (feat. DZIARMA)
54%
Dom Dla Zmyślonych Przyjaciół Pana Mateusza Ötzi
53%
BORuto (z 2K) Żółwie Ninja (feat. Young Igi)
53%
UZUMAKI FORMA OSTATECZNA (z Kubi Producent) CHAINSAW MAN
52%
Różowa Pantera Młody 2Pac
52%
UZUMAKI FORMA OSTATECZNA (z Kubi Producent) OSTATNI NINJA
52%
Dzieci Duchy (z Kubi Producent) Koniec
51%
UZUMAKI FORMA OSTATECZNA (z Kubi Producent) MAŁY RUI (feat. Rolex)
51%
Różowa Pantera NPC
51%
Różowa Pantera Zły (feat. Zdechły Osa)
51%
UZUMAKI FORMA OSTATECZNA (z Kubi Producent) FULL METAL SKIT
50%
BORuto (z 2K) Król Lew
50%
Dzieci Duchy (z Kubi Producent) Pająki
49%
BORuto (z 2K) Cyklofrenia
48%
Dzieci Duchy (z Kubi Producent) Na Osiedlu (feat. Bedoes)
48%
UZUMAKI FORMA OSTATECZNA (z Kubi Producent) BYŁEM MŁODY (feat. Jan-Rapowanie)
47%
Różowa Pantera Hałas
47%
BORuto (z 2K) Mewtwo (feat. Kaz Bałagane)
47%
Różowa Pantera Potwór (feat. Chivas)
47%
UZUMAKI FORMA OSTATECZNA (z Kubi Producent) SCOOBY DOO
47%
Różowa Pantera Fanlove (feat. Kadobe)
46%
Dzieci Duchy (z Kubi Producent) Hello Kitty (feat. Coals)
46%
Różowa Pantera Bal
45%
Dzieci Duchy (z Kubi Producent) Stare Graffiti (feat. Paluch & Sarius)
45%
Różowa Pantera Biały Miś (feat. Rolex, Młodzian MRG & Kizo)
44%
BORuto (z 2K) Muk
44%
Dzieci Duchy (z Kubi Producent) Pali Się
44%
Dzieci Duchy (z Kubi Producent) Umrzyj Ze Mną
44%
Stare Numery GUGU
43%
Różowa Pantera #Hot16Challenge2
42%
Dzieci Duchy (z Kubi Producent) OVERHYPE9000 (feat. Tymek)
42%
Młody Simba Mixtape OLDTALK
41%
Stare Numery OLDTALK
41%
BORuto (z 2K) Rick and Morty (feat. Young Igi)
41%
Stare Numery GENGAR
40%
Różowa Pantera Ośmiogwiazdkowy Skurwiel
40%
Dzieci Duchy (z Kubi Producent) FREESTYLE
39%
Dzieci Duchy (z Kubi Producent) Mateusz Dragon Wielki (feat. Rolex)
39%
Młody Simba Mixtape Saluto
39%
Stare Numery Saluto
39%
Młody Simba Mixtape Chmury
38%
Stare Numery Chmury
38%
Stare Numery GUMMO
34%
BORuto (z 2K) skit
34%
Dzieci Duchy (z Kubi Producent) KABZZLOOK (feat. Białas & Kaz Bałagane)
33%
Młody Simba Mixtape M@łpi$zon
32%
Stare Numery M@łpi$zon
32%
Młody Simba Mixtape BLACK SWAG
29%
Stare Numery BLACK SWAG
29%
Stare Numery ALIGATOR
28%
Młody Simba Mixtape Klama (feat. Młodzian)
28%
Stare Numery Klama (feat. Młodzian)
28%
Młody Simba Mixtape ZA NIC
25%
Stare Numery ZA NIC
25%
Stare Numery iBoy (feat. Młodzian & R.eS)
24%
Stare Numery MULAFASA (feat. Raxxity)
24%
Stare Numery Malibu (feat. Raxxity)
20%
Młody Simba Mixtape WEWORKING (feat. Swayze)
8%
Nie znaleziono quizów pasujących do podanych kryteriów
Rozkład punktacji
Procent ludzi z każdym wynikiem
Percentyl według liczby udzielonych odpowiedzi
Twoja historia wyników
Nie rozwiązałeś tego quizu od ostatniego zresetowania